| 000 | 00845nam a2200277 4500 | ||
|---|---|---|---|
| 003 | OSt | ||
| 005 | 20260601170959.0 | ||
| 008 | 260422b2011\\\\nyua||||\||||\00|\0\eng\d | ||
| 020 |
_a9780374275631 _qpapel alcalino |
||
| 020 |
_a9780374533557 _qrústica |
||
| 040 |
_aICI _bspa _cICI |
||
| 050 |
_aBF441 _bK345 |
||
| 100 | 1 |
_aKahneman, Daniel, _d1934-, _931153 |
|
| 245 | 1 |
_aThinking, fast and slow / _cDaniel Kahneman |
|
| 264 |
_bFarrar, Straus and Giroux, _c2011 _aNew York : |
||
| 300 |
_a499 páginas _bilustraciones |
||
| 336 |
_atexto _2rdacontent |
||
| 337 |
_asin medio _2rdamedia |
||
| 338 |
_avolumen _2rdacarrier |
||
| 500 | _a"First paperback edition, 2013" -- reverso de la portada | ||
| 650 |
_aPensamiento _924652 |
||
| 650 | _aToma de decisiones | ||
| 650 | _aIntuición | ||
| 650 |
_aRazonamiento _931156 |
||
| 942 |
_2lcc _cB |
||
| 999 |
_c19996 _d19996 |
||